Perspektívy vývoja konkurencieschopnosti SR v oblasti technológií v porovnaní s vybranými krajinami diplomová práca

Salvato in:
Dettagli Bibliografici
Autore principale: Haraslínová, Veronika
Ente Autore: Obchodná fakulta EU. Katedra medzinárodného obchodu
Altri autori: Rosenberg, Miloslav
Natura: Libro
Lingua:slovacco
Pubblicazione: Bratislava 2008
Tags: Aggiungi Tag
Nessun Tag, puoi essere il primo ad aggiungerne!!

MARC

LEADER 00000nam$a2200000$$$4500
001 0085921
005 20240201115937.6
041 0 |a slo 
044 |a SK 
245 1 0 |a Perspektívy vývoja konkurencieschopnosti SR v oblasti technológií v porovnaní s vybranými krajinami  |b diplomová práca  |c Veronika Haraslínová ; škol. Miloslav Rosenberg 
264 1 |a Bratislava  |c 2008 
300 |a 103 s. 
100 1 |a Haraslínová, Veronika 
700 1 |a Rosenberg, Miloslav 
710 2 |a Obchodná fakulta EU. Katedra medzinárodného obchodu